Problémy a možnosti hodnocení statistiky vnitřního obchodu a statistiky životní úrovně domácností z hlediska vzájemných vazeb

Na minha lista:
Detalhes bibliográficos
Formato: Livro
Idioma:tcheco
Publicado em: Praha Výzkumný ústav sociálně-ekonomické inform. a automatizace v řízení 1984
Colecção:Výzkumná práce č. 29
Tags: Adicionar Tag
Sem tags, seja o primeiro a adicionar uma tag!

MARC

LEADER 00000nam a2200000 4500
001 c110008
005 20221207070357.9
041 0 |a cze 
044 |a CZ 
245 1 0 |a Problémy a možnosti hodnocení statistiky vnitřního obchodu a statistiky životní úrovně domácností z hlediska vzájemných vazeb 
264 1 |a Praha  |b Výzkumný ústav sociálně-ekonomické inform. a automatizace v řízení  |c 1984 
300 |a 54 s. 
490 1 |a Výzkumná práce  |v č. 29 
830 0 |a Výzkumná práce  |v č. 29